000 00681nam a2200229 a 4500
001 000019938
003 OSt
005 20201001111148.0
008 100709s1970 ve r 000 p spa d
040 _aDO-SdBNP
_bspa
_cBNPHU
082 _aV861.44
_bQ4a
100 1 _aQuerales, Ramón
_942519
245 1 0 _aAguas negras /
_cRamón Querales.
260 _aCaracas, Venezuela :
_bMonte Avila Editores,
_c1970.
300 _a61 p. ;
_c20 cm.
500 _aIncluye referencia biográfica del autor en la contracubierta.
590 _aInventariado, 2019/ YL
650 4 _aPoesía venezolana
_94230
650 4 _aLiteratura venezolana
_93816
942 _2ddc
_cLF1
956 _aLOPEREZ
999 _c19451
_d19451